Introduction to electrical engineering (Record no. 22486)

000 -LEADER
fixed length control field 00527nam a22001937a 4500
001 - CONTROL NUMBER
control field 22486
003 - CONTROL NUMBER IDENTIFIER
control field BD-DhUET
008 - FIXED-LENGTH DATA ELEMENTS--GENERAL INFORMATION
fixed length control field 150427b xxu||||| |||| 00| 0 eng d
040 ## - CATALOGING SOURCE
Original cataloging agency DLC
Transcribing agency DLC
Modifying agency BD-DhUET
082 ## - DEWEY DECIMAL CLASSIFICATION NUMBER
Classification number 623
Item number WAR/1952
100 ## - MAIN ENTRY--PERSONAL NAME
Personal name Ward, Robert P.
245 ## - TITLE STATEMENT
Title Introduction to electrical engineering
250 ## - EDITION STATEMENT
Edition statement 2nd ed.
260 ## - PUBLICATION, DISTRIBUTION, ETC. (IMPRINT)
Place of publication, distribution, etc. New Jersey
Name of publisher, distributor, etc. Prentice-Hall
Date of publication, distribution, etc. 1960
300 ## - PHYSICAL DESCRIPTION
Extent xiv, 412 p.
Other physical details ill.
490 ## - SERIES STATEMENT
Series statement Prentice-Hall series in electrical engineering
650 #0 - SUBJECT ADDED ENTRY--TOPICAL TERM
Topical term or geographic name as entry element Electric engineering
942 ## - ADDED ENTRY ELEMENTS (KOHA)
Koha item type General Book
Holdings
Koha item type Koha date last seen Date acquired Koha full call number Source of classification or shelving scheme Shelving location Not for loan Piece designation (barcode) Koha normalized classification for sorting Lost status Price effective from Withdrawn status Damaged status Location (home branch) Sublocation or collection (holding branch) Copy number
General Book2015-04-272015-04-27623/WAR/1952 Circulation section 17622623_000000000000000_WAR_1952 2015-04-27  Central Library, BUETCentral Library, BUET1
Rental Item2015-06-272015-06-27623/ WAR/1954 Reading section 138623_000000000000000_WAR_1954 2015-06-27  Central Library, BUETCentral Library, BUET2